10 Największych miast Portugalii na mapie - Statystyki

Ogólne statystyki
  • Ten quiz został rozwiązany 30 razy
  • Średni wynik to 4 z 10
Odpowiedzi na mapie
Odpowiedzi zakodowano w zielono-czerwonej skali na mapie do tego quizu, zgodnie z poniższymi procentami.
 
Statystyki odpowiedzi
Populacja Miasto % Poprawnych
550k Lizbona
100%
230k Porto
100%
150k Braga
71%
110k Coimbra
41%
100k Funchal
35%
100k Setúbal
35%
170k Amadora
12%
190k Vila Nova de Gaia
12%
80k Agualva-Cacém
6%
100k Almada
6%
Nie znaleziono quizów pasujących do podanych kryteriów
Rozkład punktacji
Procent ludzi z każdym wynikiem
Percentyl według liczby udzielonych odpowiedzi
Twoja historia wyników
Nie rozwiązałeś tego quizu